000 00324nam a22001337a 4500
008 181221b xxu||||| |||| 00| 0 eng d
020 _a217156854300199500000000
041 _aeng
080 _a371
100 _a46
101 _aEDU
245 _aHow to write successful fundraising letters
_cWarwick, M
942 _2udc
_cBK
999 _c53677
_d53677